[Event "KAZ-ch U20"]
[Site "Almaty"]
[Date "2025.05.02"]
[Round "3"]
[White "Nurbolatov, Daulet"]
[Black "Tursunali, Bekarys"]
[Result "0-1"]
[WhiteElo "1809"]
[BlackElo "2009"]
[PlyCount "82"]
[EventDate "2025.05.01"]
[EventType "swiss"]
[EventRounds "9"]
[EventCountry "KAZ"]
[SourceTitle "CB19_2025"]
[SourceDate "2025.05.07"]
[SourceVersion "1"]
[SourceVersionDate "2025.05.07"]
[SourceQuality "1"]

1. e4 d6 2. d4 Nf6 3. Nc3 Nbd7 4. Be3 e5 5. Nf3 c6 6. a4 Be7 7. h3 0-0 8. Be2 Qc7 9. 0-0 b6 10. Qd2 a6 11. Bg5 Bb7 12. Nh4 Rfe8 13. Nf5 Bf8 14. dxe5 dxe5 15. Qe3 h6 16. Bh4 b5 17. Bd3 Re6 18. axb5 cxb5 19. Rad1 Nc5 20. Bxf6 Rxf6 21. Rfe1 Na4 22. Nxa4 bxa4 23. Ra1 Bc5 24. Qe2 Bc6 25. Ne3 Rb8 26. Rab1 a5 27. f3 Qa7 28. Kh2 a3 29. Nc4 axb2 30. Rxb2 Rxb2 31. Nxb2 Rg6 32. c3 Bf2 33. Ra1 Bg3+ 34. Kh1 Bf4 35. Nc4 a4 36. Nb2 Qe7 37. Qf2 Rg3 38. Nxa4 Qh4 39. Qf1 Bd7 40. Ra2 Bxh3 41. Kg1 Be3+ 0-1